World energy resources : 2013 survey.
| Corporate Author: | |
|---|---|
| Format: | Book |
| Published: |
London:
World Energy Council,
2013.
|
| Subjects: |
| LEADER | 00458cam a2200157 7i4500 | ||
|---|---|---|---|
| 001 | 0000031171 | ||
| 005 | 20140326090000.0 | ||
| 020 | 0 | 0 | |a 9780946121298 |
| 090 | 0 | 0 | |a I 333.79 |b WOR |
| 110 | 2 | 0 | |a World Energy Council |
| 245 | 2 | 0 | |a World energy resources : |b 2013 survey. |
| 260 | 0 | 0 | |a London: |b World Energy Council, |c 2013. |
| 300 | # | # | |a [v.p]. |
| 650 | 0 | 0 | |a Power resources |
| 650 | 0 | 0 | |a Energy development |
| 999 | |a 0000033822 |b Book |c International |e Business Information Centre | ||


